[Event "Ciocaltea Memorial"]
[Site "Bucharest"]
[Date "1995.??.??"]
[Round "7"]
[White "Marin, Mihail"]
[Black "Nisipeanu, Liviu Dieter"]
[Result "0-1"]
[WhiteElo "2540"]
[BlackElo "2420"]
[Annotator "Dautov,R"]
[PlyCount "84"]
[EventDate "1995.02.??"]
[EventType "tourn"]
[EventRounds "11"]
[EventCountry "ROU"]
[EventCategory "10"]
[SourceTitle "CBM 048"]
[Source "ChessBase"]
[SourceDate "1995.10.01"]
[SourceVersion "1"]
[SourceVersionDate "1995.10.01"]
[SourceQuality "1"]

1. Nf3 Nf6 2. c4 g6 3. g3 Bg7 4. Bg2 O-O 5. O-O d6 6. Nc3 Nc6 7. d4 a6 8. d5
Na5 9. Nd2 c5 10. Qc2 b5 $6 11. cxb5 axb5 12. Nxb5 Bb7 (12... Ba6 13. Nc3 Qc7
14. b3 Rab8 15. Rb1 Rb7 16. Re1 Rfb8 17. Ba3 Nd7 18. Nde4 $14 {
Averbakh-Gligoric/URS-JUG/1956}) 13. Nc3 Ra6 14. Rd1 Qa8 15. e4 $5 {N} (15. Nf1
$1 $16 {Bologan,V} Nd7 (15... e6 $6 16. Ne3 $16) (15... Nc4 $5 16. b3 Nb6 (
16... Na3 17. Bxa3 Rxa3 18. Ne3 {/\ Nc4+-}) 17. e4 $16) 16. Rb1 Rb6 $1 17. b3
Rb4 18. Ba3 Rc8 {Horvath,Jo-Bologan,V/Jugoslavija 1994} 19. Na4 Rd4 (19... c4
20. Bxb4 cxb3 21. Qd3 bxa2 22. Ra1 Bxa1 23. Rxa1 $18) 20. Bb2 $16 {Bologan,V})
15... Rb6 16. Rb1 e6 17. b3 Rb4 $2 (17... exd5 18. exd5 Re8 19. Bb2 $16 (19.
Nc4 Nxc4 20. bxc4 Rxb1 21. Qxb1 Ba6 22. Nb5 Bxb5 23. cxb5 $16)) 18. a3 $18 Rd4
(18... Rb6 19. b4 $18) 19. Nb5 exd5 20. Nxd4 cxd4 21. b4 (21. Bb2 $5 Rc8 22.
Qd3 Nxe4 23. Bxd4 Ba6 24. Qe3 Nc3 25. Bxc3 Rxc3 26. Qg5 $18) 21... Nc6 (21...
Rc8 22. Qa4 Nc4 23. Qxa8 Rxa8 24. Nxc4 dxc4 25. Rxd4 $18) 22. Bb2 (22. exd5 Ne5
23. Bb2 $1 (23. Qb3 Nxd5 24. Bb2 Nc3 25. Bxb7 Ne2+ 26. Kf1 Qxb7 27. Kxe2 $2 (
27. f3 $1 $16) 27... d3+ 28. Ke3 (28. Ke1 $4 Qh1+ 29. Nf1 Nf3#) 28... Qb6+ $40)
23... Nxd5 (23... Bxd5 24. Bxd5 Qxd5 25. Qb3 $18) 24. Bxd4 Nxb4 25. axb4 (25.
Bxb7 $2 Nxc2 26. Bxa8 Nxd4 27. Bg2 Ne2+ 28. Kf1 Nc3 $14) 25... Bxg2 26. Ra1 Qd5
27. Bxe5 Bxe5 28. Nc4 $18) 22... Rc8 23. Qb3 dxe4 24. Nxe4 $2 (24. Nc4 $1 {
/\Nb6,Nxd6} Rd8 25. b5 Ne5 26. Bxd4 $18) 24... Nxe4 25. Bxe4 Ne5 26. Bxb7 Qxb7
$44 {[%cal Ra8h1] /^a8-h1} 27. Rd3 (27. f4 Nf3+ 28. Kf2 Nxh2 29. Bxd4 $2 Qe4
$19) 27... Qe4 28. Rbd1 d5 $1 (28... Nxd3 $2 29. Qxd3 $16) (28... h5 $2 29.
Bxd4 Nxd3 30. Qxd3 $16 (30. Bxg7 $4 Nxf2 $19)) 29. b5 (29. Bxd4 $2 Nxd3 30.
Qxd3 Rc1 $1 $19) (29. f4 Nxd3 30. Qxd3 Qe3+ 31. Kf1 Qe4 32. Kg1 $10) 29... h5
30. b6 $6 (30. f3 $2 Qe2 {/\Rc2}) (30. h4 $5) 30... h4 31. b7 $2 (31. gxh4 Nxd3
32. Qxd3 Qg4+ 33. Kh1 Rb8 34. Bxd4 Bxd4 35. Qxd4 Qf3+ 36. Kg1 Rxb6 37. Qxd5 $14
) 31... Rb8 32. f3 (32. Bxd4 h3 33. f3 Nxf3+ 34. Rxf3 Bxd4+ 35. Rxd4 Qxd4+ 36.
Rf2 $15) 32... Qe2 33. gxh4 $2 (33. Bxd4 Rxb7 $1 (33... h3 34. Bf2 Nxd3 35.
Qxd3 Qxd3 36. Rxd3 Rxb7 $10) 34. Qxb7 Nxf3+ 35. Rxf3 Qxd1+ 36. Kg2 h3+ 37. Kxh3
Qxf3 $10) 33... Nxd3 34. Rxd3 Rxb7 $1 35. Qxb7 Qxd3 36. h5 gxh5 $19 37. Qb4
Qe3+ 38. Kg2 Qe2+ 39. Kg1 Qe3+ 40. Kg2 Qe2+ 41. Kg1 Be5 42. f4 Qg4+ 0-1

[Event "Berga op"]
[Site "Berga"]
[Date "1996.??.??"]
[Round "?"]
[White "Marin, Mihail"]
[Black "Movsziszian, Karen"]
[Result "0-1"]
[WhiteElo "2545"]
[BlackElo "2450"]
[Annotator "Mowsziszian,K"]
[PlyCount "84"]
[EventDate "1996.??.??"]
[EventType "swiss"]
[EventRounds "9"]
[EventCountry "ESP"]
[SourceTitle "CBM 055"]
[Source "ChessBase"]
[SourceDate "1996.12.01"]
[SourceVersion "1"]
[SourceVersionDate "1996.12.01"]
[SourceQuality "1"]

1. Nf3 Nf6 2. g3 g6 3. Bg2 Bg7 4. O-O O-O 5. c4 d6 6. Nc3 Nc6 7. d4 a6 8. d5
Na5 9. Nd2 c5 10. Qc2 Rb8 11. b3 b5 12. Bb2 Bh6 13. f4 bxc4 14. bxc4 e5 15.
dxe6 (15. Rae1 $6 {Stohl} exf4 16. gxf4 Nh5 17. e3 Bg7 18. Nd1 Bf5 19. Be4 Bxb2
20. Nxb2 Rxb2 21. Qxb2 Nxc4 22. Nxc4 Bxe4 $36 {Kasparov}) 15... Bxe6 16. Nd5
Bxd5 17. cxd5 Ng4 18. Nb3 (18. Bc3 Ne3 19. Qa4 Rb5 20. Rfb1 Qe8 $1 (20... Bg7
21. Bxg7 Rxb1+ 22. Rxb1 Kxg7 23. Qa3 Re8 24. Be4 Ng4 25. Bf3 Ne3 26. Be4 Ng4
27. h3 Nf6 28. Bf3 Nd7 29. Qc3+ Kg8 30. Ne4 Qc7 31. h4 {1-0 Csom,I-Ghitescu,T/
EU-chT Moscow (02) ;EU-chT 1977 (39)}) 21. Qe4 $5 $13 (21. Rxb5 axb5 22. Qxa5
Nxg2 23. Kxg2 $6 Qxe2+ 24. Kg1 b4 25. Bxb4 Bg7 $17)) (18. Qc3 $2 Rxb2 $15)
18... Nxb3 (18... f5 $5 {Stohl N} 19. h3 (19. Qc3 $6 Qf6 20. Qxf6 (20. Qc1 Nxb3
$13) (20. Qd2 Nc4 $10) 20... Nxf6 21. Bxf6 Nxb3 22. axb3 Rxf6 23. Rxa6 Rxb3 $10
) 19... Nf6 $8 (19... Ne3 $2 20. Qc3 Nxf1 21. Qh8+ Kf7 22. Qxh7+ Ke8 23. Qxh6
$1 Ne3 (23... Nxb3 24. axb3 Rxb3 25. Bg7 $18) 24. Qxg6+ Rf7 25. Bf3 $18) 20.
Nd2 $1 {><a5|^[+]} (20. Bc3 Nxb3 21. axb3 Qb6 $13) 20... Nh5 (20... Re8 21. Bf3
$14 (21. Bc3 $6 Nh5 22. Qa4 Nxg3 23. Bxa5 Nxe2+ 24. Kh2 Qh4 $40)) 21. Kh2 Re8
22. e4 (22. Bf3 $2 Nxg3 $1 23. Kxg3 Bxf4+ $1 24. Kg2 Bxd2 $19) (22. Rae1 Re3
$132) 22... Rxb2 $2 (22... fxe4 $8 23. Nxe4 (23. Bxe4 Rxb2 24. Qxb2 Bg7 25. Qc2
Bxa1 26. Rxa1 Qf6 $13) 23... Nc4 (23... Rxb2 24. Qxb2 Bg7 25. Qc2 Bxa1 26. Rxa1
Nf6 27. Ng5 $16) 24. Qxc4 $5 (24. Bc1 Bg7 25. Rb1 Rxb1 26. Qxb1 Qa5 27. Qb3 Qb4
$132) 24... Rxb2 25. Rab1 Rxb1 (25... Qb6 26. Rxb2 Qxb2 27. Nxd6 $1 Re2 28. Rg1
Bg7 29. Qxc5 $1 $16) 26. Rxb1 Nf6 27. Rb8 $1 $14) 23. Qxb2 Bg7 24. Qc2 Bxa1 25.
Rxa1 $16 {><a5} Qf6 (25... fxe4 26. Nxe4 $16) 26. Qa4 $1 (26. e5 $2 dxe5 27.
Qa4 Qd8) 26... Re7 (26... Qxa1 27. Qxe8+ Kg7 28. Qe7+ Kh6 29. Qf8+ Qg7 30. Qxd6
$18) (26... Rb8 27. e5 $1 (27. Rb1 Rxb1 28. Nxb1 Qb2 $132 {><g3}) (27. Rc1 Rb5
$5 {/\} 28. Bf1 Rb2 29. Qxa5 Qd4 $10) 27... dxe5 28. Qxa5 exf4 29. Re1 fxg3+ (
29... Qg5 30. Nf3 $18) 30. Kh1 $18 {/\Qc7,d6}) 27. Qxa5 $1 (27. e5 dxe5 28.
Qxa5 $16) 27... Qxa1 28. Qd8+ Kf7 29. Nc4 Qf6 $8 (29... Rxe4 30. Nxd6+ Kg7 31.
Bxe4 fxe4 32. Qe7+ Kh6 33. Nf7+ Kg7 34. Ng5+ $18) 30. Nxd6+ Kg7 31. e5 $1 Qf8
32. Qb6 $18 {[+]} g5 $138 33. Qxc5 {/\Nf5} Kg6 34. Nxf5 $1 {1-0 Stohl,
I-Kindermann,S/Dortmund-A (03) ;CBM 23 1991} (34. Nxf5 Kxf5 (34... Re8 35. Qc6+
$18) 35. Qc2# {[Stohl,I]})) (18... Bg7 $2 19. Bxg7 Kxg7 20. Qc3+) 19. axb3 Qb6
20. Qc3 c4+ 21. Kh1 f6 22. Bh3 Nf2+ (22... Ne3 23. Be6+ Kh8 24. Rf3 Qxb3 25.
Rxe3 Qxb2 26. Rxa6 Qb1+ 27. Kg2 Rb3 28. Qd4 $16 {><h6}) 23. Rxf2 Qxf2 24. Be6+
Kh8 25. Qxc4 Qe3 $1 (25... Qb6 26. Bd4 Qxb3 27. Qxb3 Rxb3 28. Rxa6 g5 29. fxg5
Bxg5 30. Rxd6 h5 31. Rc6 h4 32. d6 Rb1+ 33. Kg2 Rd1 34. e3 hxg3 35. hxg3 Rxd4
36. exd4 f5 37. Bxf5 Rxf5 38. Rc5 Rxc5 39. dxc5 Kg7 40. c6 {1-0 Browne,
W-Timman,J/Wijk (02) 1980}) 26. Bd4 Qe4+ 27. Kg1 Bg7 $8 28. Bf2 (28. Ba7 f5 $1
29. Qxe4 fxe4 30. Rxa6 (30. Bxb8 Bxa1 (30... Rxb8 31. Rxa6 Bd4+ 32. Kg2 Bc5 33.
g4 Kg7 34. g5 $16) 31. Bxd6 Bd4+ 32. e3 Bxe3+ 33. Kf1 Kg7 34. Bxf8+ Kxf8 35. d6
Bc5 $13) 30... Ra8 $1) 28... f5 29. Rxa6 (29. Qxe4 fxe4 30. Rxa6 Rxb3 31. Rxd6
$2 e3 $1) 29... Qb1+ 30. Kg2 Rxb3 31. Ra7 Rb7 32. Rxb7 Qxb7 33. h4 Qb1 (33...
h5 $1 $17) 34. g4 h5 35. gxh5 $2 (35. g5 $1 Kh7 36. Kh2 Ra8 37. Qc6 $10 Ra1 $6
38. Qc8 Qh1+ 39. Kg3) 35... gxh5 36. Bg3 Ra8 $1 37. Bf2 Kh7 $1 38. e4 Ra1 $1
39. Bxf5+ Kh6 40. Kg3 Qh1 41. Qb4 Bf6 $1 42. Bh3 (42. Qxd6 Ra3+ $1 43. Qxa3
Bxh4#) 42... Ra8 $1 {/\Tg8#} 0-1

[Event "Olympiad-32"]
[Site "Yerevan"]
[Date "1996.09.26"]
[Round "10.1"]
[White "Baburin, Alexander"]
[Black "Leitao, Rafael Duailibe"]
[Result "1/2-1/2"]
[WhiteElo "2545"]
[BlackElo "2475"]
[Annotator "Baburin,A"]
[PlyCount "115"]
[EventDate "1996.09.15"]
[EventType "team-swiss"]
[EventRounds "14"]
[EventCountry "ARM"]
[SourceTitle "CBM 055"]
[Source "ChessBase"]
[SourceDate "1996.12.01"]
[SourceVersion "1"]
[SourceVersionDate "1996.12.01"]
[SourceQuality "1"]
[WhiteTeam "Ireland"]
[BlackTeam "Brazil"]
[WhiteTeamCountry "IRL"]
[BlackTeamCountry "BRA"]

1. d4 Nf6 2. c4 g6 3. Nf3 Bg7 4. g3 O-O 5. Bg2 d6 6. O-O c5 7. Nc3 Nc6 8. d5
Na5 9. Nd2 {This is the main position of the Yugoslav Variation. Black has
three major approaches available: 1) attack on the c4-pawn by ...a6, ...Rb8 & .
..b5; 2) play in the centre after ...e6; 3) a plan involving closing the
centre by ...e5.} e5 {Black has selected the plan with closing the centre.
Later he might go for ...f5 or ...a6 & ...b5. This system leads to complicated
strategic play.} 10. e4 Ng4 11. b3 {11 h3 would push the knight to h6, but
after the eventual ...f5, and exf Black might recapture on f5 with the knight,
which then could go to d4.} f5 12. exf5 gxf5 13. Bb2 $6 {The usual 13 h3 Nf6
14 Bb2 would have been more prudent. White provokes ...e4 & Ne5, but the
problem is that it might be good for Black!} e4 14. h3 Ne5 15. Rb1 {Here it's
time to have a look at the a5-knight and start to employ it by 15...a6,
followed by ...Rb8 & ...b5.} Nd3 $6 {Black occupies the weak d3-square, but
the knight is not supported by other black pieces, so its action cannot be
effective.} 16. Ba1 a6 17. Qe2 b5 18. f3 $1 $16 {[#]White seizes the
initiative by attacking Black in the centre. The white pieces are better
mobilized, while a number of black pieces are inactive: the a5-knight and
c8-bishop.} exf3 19. Qxd3 $1 {The white light-squared bishop is not
particularly useful in this system, so White is quite happy to swap it off.}
fxg2 20. Kxg2 Ra7 21. Ne2 Bxa1 22. Rxa1 Rg7 23. Nf4 Qg5 24. Kh2 Nb7 {Black
moves the knight towards the kingside, where it may be needed soon in defence.}
25. Rg1 Bd7 26. Rae1 Nd8 27. Nf3 Qh6 28. Re3 Rff7 29. Rge1 b4 {Black is right
to close the queenside, while White could have prevented it by 29 a3. However,
I felt that it was not necessary.} 30. Qd2 Rf8 (30... a5 $4 31. Re8+ Bxe8 32.
Rxe8+ Rf8 33. Rxf8+ Kxf8 34. Ne6+) 31. Re7 Rxe7 32. Rxe7 Rf7 33. Qe2 Qf8 34.
Re3 Qg7 35. h4 h6 36. h5 Qg4 37. Nh4 Qxe2+ 38. Rxe2 a5 39. Nhg6 Nb7 {[#]This
position should be winning for White, as all Black's pieces are badly placed:
the bishop must watch the e8 square, thus the rook cannot get out from f7, the
knight has very little use. First White moves the king to the queenside to
respond to the eventual ...a4 & ...Na5.} 40. Kg2 a4 41. Kf2 Na5 42. Re3 Rf6 43.
Ke1 Rf7 44. Kd2 Rf6 45. Kc2 Rf7 46. Kb2 Rf6 47. Kc2 Rf7 48. Ne6 $1 Nb7 49. Rf3
$1 {The threat of 50 Rxf5 Rxf5 51 Ne7+ is very hard to deal with. Black finds
the best defence, which is not sufficient however.} Rf6 $1 50. Rxf5 $2 {
While Black was thinking over 49...Rf6, I found the winning line with 50 Ne7+
& 51 Nxf5, but later I just forgot this variation...} (50. Ne7+ Kf7 51. Nxf5
Bxe6 52. Nxh6+ Kg7 53. Rxf6 Kxf6 54. dxe6 axb3+ 55. axb3 Kxe6 56. g4 $18) 50...
Kf7 51. Nh8+ Ke7 52. Ng6+ Kf7 53. Rxf6+ Kxf6 54. bxa4 $2 {This mistake should
have led to problems for White.} (54. Ngf8 Bxe6 55. Nxe6 axb3+ 56. axb3 Kf5 $10
) 54... Bxa4+ 55. Kd3 Bd1 56. Ngf4 Na5 57. Nc7 Bg4 58. Ne8+ (58. Ne8+ Ke7 $1
59. Ng7 Kf7 60. Nfe6 Bh3 $1) 1/2-1/2

[Event "RUS-Cup10"]
[Site "Tomsk"]
[Date "1997.07.28"]
[Round "7"]
[White "Filippov, Valerij"]
[Black "Shinkevich, Vitaly"]
[Result "1/2-1/2"]
[WhiteElo "2535"]
[BlackElo "2375"]
[Annotator "Stohl,I"]
[PlyCount "98"]
[EventDate "1997.07.21"]
[EventType "swiss"]
[EventRounds "9"]
[EventCountry "RUS"]
[SourceTitle "EXT 2000"]
[Source "ChessBase"]
[SourceDate "1999.11.16"]
[SourceVersion "1"]
[SourceVersionDate "1999.11.16"]
[SourceQuality "1"]

1. Nf3 {Hecht Huzman} Nf6 2. c4 g6 3. d4 Bg7 4. g3 O-O 5. Bg2 d6 6. Nc3 c5 7.
O-O Nc6 8. d5 Na5 9. Nd2 a6 10. Qc2 Rb8 11. b3 b5 12. Bb2 bxc4 13. bxc4 Bh6 14.
f4 e5 15. dxe6 Bxe6 16. Nd5 Rxb2 17. Qxb2 Bg7 18. Qc1 Bxd5 19. cxd5 ({A
crucial moment. It seems the other capture promises White more chances:} 19.
Bxd5 $5 Nxd5 20. cxd5 Qe7 (20... Qf6 21. Qc2 Qd4+ 22. Kg2 Re8 23. e4 f5 24.
Rad1 fxe4 25. Rfe1 e3 26. Nf1 Qc4 27. Qxc4 Nxc4 28. Rc1 Re4 29. Kf3 Rd4 30.
Nxe3 Na3 31. Nc2 Ra4 32. Nxa3 Rxa3+ 33. Re3 Rxa2 34. Rb1 $18 {Izeta Txabarri,
F-Pavlovic,M/Ubeda op/1997/}) (20... Bxa1 21. Qxa1 Re8 22. e4 Qc7 23. e5 dxe5
24. Ne4 Kg7 25. d6 Qc6 26. fxe5 Qxe4 27. e6+ Kh6 28. Qc1+ g5 29. h4 Qe5 30.
Qxg5+ {1-0,Izeta,F-Agnos,D/Paris op/1996/}) 21. Rb1 Qxe2 22. Qd1 Qe3+ 23. Kh1
c4 24. Re1 Qa3 25. Ne4 Rc8 26. Rb6 c3 27. Qd3 Qxa2 28. Qxa6 Rf8 29. Rb5 c2 30.
Rxa5 Qb1 31. Qf1 Rb8 {Stohl,I-Kindermann,S/BL9697/1997/} 32. Ra4 $1 {/\Rc4+-})
19... Ng4 20. e4 $5 $146 {Despite this interesting novelty White is unable to
gain any advantage in the following tactical complications.} (20. Rb1 Bd4+ (
20... Ne3 $5 21. Re1 (21. Rf3 Re8 22. Nf1 Nxg2 23. Kxg2 Rxe2+ 24. Rf2 Qe8 25.
Rxe2 Qxe2+ 26. Kh3 Qh5+ 27. Kg2 Qxd5+ $17 {Unzicker,W-Kindermann,S/BL9697/1996/
}) 21... Re8 22. Bf3 g5 23. fxg5 Qxg5 24. Qa3 Nec4 $44 25. Nxc4 {1/2,Slipak,
S-Tkachiev,V/Villa Martelli/1997/}) 21. Kh1 Ne3 $1 (21... Nf2+ 22. Rxf2 Bxf2
23. e4 (23. Nf3 c4 24. e4 Qc7 25. Qc2 Ba7 26. Qc3 Rb8 27. Rxb8+ Bxb8 28. h4 Ba7
29. h5 $36 {Marin,M-Istratescu,A/Bucharest Ciocaltea/1995/}) 23... Qc7 24. e5
dxe5 25. Ne4 Bd4 26. d6 Qd8 27. fxe5 Kg7 28. Nxc5 Bxe5 29. d7 Qc7 30. Nxa6 Qxd7
31. Qc5 Qd3 32. Qxe5+ f6 33. Qb5 {1-0,Wolter,K-Stoeber,M/NRW-II/1993/}) 22. Qa3
Re8 23. Qd3 Qa8 24. Bf3 Nxf1 25. Nxf1 {Jusupov,A-Kindermann,S/Baden Baden/1992/
} Rb8 $1 $132 (25... Qa7 {Huzman} 26. Nd2 Re3 27. Qc2 f5 28. Qa4 Qc7 29. g4
fxg4 30. Bxg4 Kg7 31. Nf3 Bf6 32. Be6 c4 33. f5 Rxe2 34. Rg1 Rf2 35. Qe8 {
1-0 Jussupow,A-Kindermann,S/Baden Baden 1992/CBM 33/[Jussupow]})) (20. Ne4 Ne3
$1 21. Rf3 Nac4 22. Rb1 Re8 23. Nd2 Nb6 24. Qa3 Bd4 25. Qxa6 Nbxd5 26. Nb3 Bg7
27. a4 c4 $40 {Filippov,V-Fedorov,A/Minsk/1996/}) 20... Bxa1 $5 (20... Ne3 21.
Re1 $14) (20... Bd4+ 21. Kh1 Nf2+ 22. Rxf2 Bxf2 23. Rb1 $36) 21. Qxa1 Qb6 (
21... Ne3 {Huzman} 22. Rb1 Nxg2 23. Kxg2 $16 {[%csl Ra5]}) 22. e5 $6 (22. Rb1
Qa7 23. h3 (23. Qb2 $2 c4+ 24. Qb6 Qxb6+ 25. Rxb6 c3 26. Nb3 Nxb3 27. Rxb3 Rc8
28. Rb1 c2 29. Rc1 Rb8 30. Rxc2 Rb1+ 31. Bf1 Rxf1+ 32. Kxf1 Ne3+ $19) 23... c4+
24. Kh1 Nf2+ 25. Kh2 Qe3 26. Nf1 Qd3 $36 {[%csl Gc4] o^c4} (26... Qd3 $132 {
[%cal Yc4c2] Huzman} 27. Re1 $140 c3 28. Re3 c2 $17)) (22. Qc3 $142 $5 c4+ 23.
Kh1 Nf2+ 24. Rxf2 Qxf2 25. Qxa5 Qe1+ 26. Bf1 Rb8 $1 $44) 22... c4+ 23. Kh1 Nf2+
(23... dxe5 {Huzman} 24. fxe5 Nf2+ 25. Rxf2 Qxf2 26. Ne4 $44) 24. Rxf2 $8 Qxf2
25. Ne4 Qc2 $6 (25... Qe3 $5 26. Nf6+ Kg7 $1 (26... Kh8 27. e6 (27. exd6 c3 28.
Ne4 Nc4 29. Nxc3 Qd4 $1 $15) 27... c3 28. e7 Qxe7 29. Qxc3 $14) 27. e6 c3 28.
Ne4 fxe6 29. dxe6 Re8 30. f5 $5 gxf5 31. Nxd6 Rf8 $15) 26. Nf6+ Kg7 27. e6 c3
$8 (27... fxe6 28. Nh5+ Kf7 29. Qf6+ Ke8 30. Ng7+ Kd7 31. dxe6+ Kc7 32. Qe7+
$18) 28. e7 (28. Be4 {Huzman} Qe2 $1 29. e7 Kxf6 $1 30. exf8=Q Qxe4+ 31. Kg1
Qe3+ 32. Kg2 Qe2+ 33. Kh3 Qh5+ $11) 28... Rb8 29. Be4 $1 (29. e8=Q $2 Rb1+ $1
30. Qe1 Rxa1 31. Qxa1 Kxf6 $19) (29. e8=N+ Kh8 30. Be4 Qb2 31. Qd1 Qd2 $17)
29... Qe2 30. e8=Q Rxe8 31. Nxe8+ Kf8 32. Nf6 (32. Nxd6 Nc4 $1 33. Bxg6 Nd2 $1
{/\Nf3} (33... Nxd6 34. Bxh7 c2 35. Bxc2 $15) 34. Be4 Nxe4 35. Nxe4 Qxe4+ 36.
Kg1 Qd4+ $17) (32. Qxc3 $4 Qf1#) 32... Ke7 33. h4 (33. Ng8+ Kf8 34. Nf6 Ke7 $11
) (33. Bg2 $2 c2 $19) 33... Qe3 $1 (33... Kxf6 34. Qxc3+ Ke7 35. Qc7+ (35. Bxg6
Qf1+ 36. Kh2 Qe2+ $11) 35... Ke8 36. Bg2 Nc4 37. Qc8+ Ke7 38. Qxa6 Qe1+ 39. Kh2
Ne3 40. Qb7+ Kf8 41. Qb8+ $14) 34. Qg1 $1 {The safest} (34. Ng8+ $143 Kf8 35.
Nf6 Qxg3 $5 $44 (35... Qxg3 $1 {Huzman} 36. Nxh7+ Ke7 $36 {[%csl Rf4,Rh4,Rh7]
[%cal Yc3c1,Ya5c4,Yc4e3]}) (35... Ke7 $11)) 34... Qxg1+ 35. Kxg1 Kxf6 {[#]
Hecht: A blocked position, with the knight as the somewhat better minor piece.
Black cannot make much out of the passed pawn, because otherwise White will
fall upon the a-pawn. [#] Hecht: Blockierte Stellung mit dem Springer als der
etwas besseren Leichtfigur. Schwarz kann aus dem Freibauern nichts machen,
weil sich sonst der weiße König auf den a-Bauern stürzt.} 36. Kf2 Nc4 (36...
Nb7 37. Ke3 Nc5 38. Bc2 {[%cal Re3d4,Rd4c3] /\Kd4-c3}) 37. Ke2 h5 (37... Na3
38. g4 $1 (38. Kd3 {Hecht} c2 39. Kd2 Nc4+ 40. Kxc2 Ne3+ 41. Kd3 $2 (41. Kb3 $1
$132) 41... Nf5 42. g4 Nxh4 43. g5+ Kg7 44. Ke3 h6 45. Kf2 hxg5 46. fxg5 f6 $19
) 38... c2 39. g5+ Ke7 40. Kd2 {[%cal Re4c2] /\Bc2=}) (37... Nb2 {Huzman} 38.
g4 $1 {[%cal Gg4g5,Ge2e3,Ge3d4]} (38. Ke3 {[%cal Ge3d4]} h5 39. Kd4 Nd1 40. Bc2
Nf2 41. Ke3 Ng4+ {[%csl Rg3][%cal Yg4h6,Yh6f5]} 42. Kd4 Nh6 43. Kxc3 Nf5 44.
Bd3 Nxg3 45. Bxa6 Kf5 46. Bd3+ Kxf4 47. a4 g5 48. hxg5 h4 49. a5 h3 50. a6 h2
51. a7 h1=Q 52. a8=Q Qc1+ 53. Kb3 Qe3 $17 {[%csl Rg5]}) 38... Ke7 39. Ke3 $11)
38. Kd3 c2 39. Kxc2 Nb6 (39... Ne3+ $5 {Hecht} 40. Kb3 $1 (40. Kd3 $2 Nf5 41.
Bxf5 Kxf5 42. Ke3 Kg4 43. Kf2 a5 44. a4 f6 45. Kg2 Kf5 (45... g5 46. hxg5 fxg5
47. fxg5 Kxg5 48. Kh3 $11) 46. Kf3 g5 47. hxg5 fxg5 48. fxg5 Kxg5 49. Ke3 Kg4
50. Kf2 Kf5 51. Kg2 Ke5 52. Kh3 Kxd5 53. Kh4 Ke4 54. Kxh5 d5 55. g4 d4 56. g5
d3 57. g6 d2 58. g7 d1=Q+ $19) 40... Nf1 41. Kb4 Nxg3 42. Bd3 Nf5 43. Bxa6 $132
{[%cal Ra2a4,Ra4a5]} Ke7 44. Kb5 Nxh4 45. a4 Ng2 46. Kc6 Nxf4 47. a5 h4 48. Bf1
$18) 40. Kc3 a5 $8 {Protects the penatration square b4 and sets up an
impregnable fortress.} 41. Kd4 Kg7 42. f5 Kf6 $1 $11 43. fxg6 fxg6 44. Bf3 Kf5
45. Be2 Kf6 46. Bd3 Kf7 47. Bb5 Ke7 48. Ke4 Kf7 49. Bc6 Ke7 1/2-1/2